Daň z pridanej hodnoty a jej vplyv na štátny rozpočet diplomová práca

Saved in:
Bibliographic Details
Main Author: Bobák, Stanislav
Corporate Author: Národohospodárska fakulta EU. Katedra hospodárskej politiky
Other Authors: Janok, Michal
Format: Book
Language:Slovak
Published: Bratislava 2009
Tags: Add Tag
No Tags, Be the first to tag this record!

MARC

LEADER 00000nam$a2200000$$$4500
001 0095683
005 20240319123747.4
041 0 |a slo 
044 |a SK 
245 1 0 |a Daň z pridanej hodnoty a jej vplyv na štátny rozpočet  |b diplomová práca  |c Stanislav Bobák ; škol. Michal Janok 
264 1 |a Bratislava  |c 2009 
300 |a 83 s. 
100 1 |a Bobák, Stanislav 
700 1 |a Janok, Michal 
710 2 |a Národohospodárska fakulta EU. Katedra hospodárskej politiky